Charlas a principiantes : una visión integradora y dinámica de la arquitectura /
Guardado en:
| Autor Principal: | |
|---|---|
| Formato: | Libro |
| Idioma: | Spanish |
| Publicado: |
Ciudad de Buenos Aires :
Eudeba,
2004.
|
| Edición: | 2a. ed. |
| Series: | Temas de EUDEBA. Arquitectura y urbanismo
|
| Materias: | |
| Etiquetas: |
Agregar Etiqueta
Sin Etiquetas, Sea el primero en etiquetar este registro!
|
| LEADER | 01330nam a22002535a 4500 | ||
|---|---|---|---|
| 001 | EUN.eunm007172 | ||
| 005 | 20180302133505.0 | ||
| 008 | 171123s2004####ag#a#####b####000#0#spa#d | ||
| 020 | |a 9789502313252 | ||
| 082 | 0 | 4 | |a 720.1 |2 15 |
| 100 | 1 | |a Sacriste, Eduardo, |d 1905-1999. | |
| 245 | 1 | 0 | |a Charlas a principiantes : |b una visión integradora y dinámica de la arquitectura / |c Eduardo Sacriste. |
| 250 | |a 2a. ed. | ||
| 260 | |a Ciudad de Buenos Aires : |b Eudeba, |c 2004. | ||
| 300 | |a 229 p. : |b il. ; |c 24 cm. | ||
| 490 | 1 | |a Temas. Arquitectura | |
| 500 | |a Reimpreso en 2012 (como 2a. ed., 2a. reimpr.). | ||
| 500 | |a La base de este texto "fue una serie de clases magistrales precisamente a estudiantes de la Facultad de Tucumán en 1961 ... Sacriste, en un alarde de didáctica y metodología, procede a armar el vasto andamiaje de la Arquitectura, desde los datos atómicos materiales hasta la definición de las estructuras conceptuales ..."--Presentación. | ||
| 504 | |a Incluye referencias bibliográficas. | ||
| 650 | 7 | |a Arquitectura. |2 unbist | |
| 830 | 0 | |a Temas de EUDEBA. |p Arquitectura y urbanismo | |
| 859 | |a AR-BaUNS |b BIB. CENTRAL - Sector A |h 720.1 |i Sa14a2 |p 126354/017 | ||
| 859 | |a AR-BaUNS |b BIB. CENTRAL - Sector A |h 720.1 |i Sa14a2 |p 126355/017 |t Ej.2 | ||
| 859 | |a AR-BaUNS |b BIB. CENTRAL - Sector A |h 720.1 |i Sa14a2 |p 126356/017 |t Ej.3 | ||
